000 00969nam a22001817a 4500
999 _c61032
_d61032
005 20231208170901.0
008 231208s1966 ru ||||| |||| 00| 0 rus d
041 _arus
080 _a94(37) Б-78
100 _aБокщанин, А. Г.
_920642
245 _aПарфия и Рим :
_b(Исследование о развитии междунар. отношений позднего периода истории античного мира) Ч. 2. Система политического дуализма в передней Азии /
_c А. Г. Бокщанин.
264 _aМосква :
_bИзд-во Моск. ун-та,
_c1966.
300 _a302 с.:
_bил.;
_c22 см.
653 _aპართია და რომი
653 _aპოლიტიკური სისტემის გაჩენა. დუალიზმი დასავლეთ აზიაში
653 _aისტორია
942 _2udc
_cᲬᲘᲒᲜᲘ